Paradiso / (Record no. 173331)

MARC details
000 -LEADER
campo de control de longitud fija 00792nam a2200229 4500
001 - NÚMERO DE CONTROL
campo de control 173331
003 - IDENTIFICADOR DE NÚMERO DE CONTROL
campo de control ES-MaACL
005 - FECHA Y HORA DE LA ÚLTIMA TRANSACCIÓN
campo de control 20230906215220.0
008 - DATOS DE LONGITUD FIJA--INFORMACIÓN GENERAL
campo de control de longitud fija 091125s1970 mx |||| | spa d
080 ## - NÚMERO DE LA CLASIFICACIÓN DECIMAL UNIVERSAL
Número de la Clasificación Decimal Universal 860(729.1)-31"19"
100 1# - ENTRADA PRINCIPAL--NOMBRE DE PERSONA
Nombre de persona Lezama Lima, José.
9 (RLIN) 72118
245 10 - MENCIÓN DEL TÍTULO
Título Paradiso /
Mención de responsabilidad, etc. José Lezama Lima ; ilustraciones de René Portocarrero.
250 ## - MENCION DE EDICION
Mención de edición Ed. rev. por el autor, y al cuidado de Julio Cortázar y Carlos Monsiváis.
260 ## - PUBLICACIÓN, DISTRIBUCIÓN, ETC.
Lugar de publicación, distribución, etc. México D.F. :
Nombre del editor, distribuidor, etc. Era,
Fecha de publicación, distribución, etc. 1970.
300 ## - DESCRIPCIÓN FÍSICA
Extensión 490 p., [16] p. de lám. ;
Dimensiones 20 cm.
490 1# - MENCIÓN DE SERIE
Mención de serie Biblioteca Era
595 ## -
-- 2ª ed. en Bibl. Era.
700 1# - ENTRADA AGREGADA--NOMBRE PERSONAL
Nombre de persona Portocarrero, René.
9 (RLIN) 93290
830 0# - PUNTO DE ACCESO ADICIONAL DE SERIE-TÍTULO UNIFORME
Título uniforme Biblioteca Era
9 (RLIN) 183201
852 4# - LOCALIZACIÓN
Ubicación ES-MaACL
Número de control de estantería E-13241 . -
Nota libre Biblioteca Jacinto Martínez Lacalle
Holdings
Estatus retirado Estado de pérdida Estado de daño No para préstamo Biblioteca de origen Biblioteca actual Ubicación en estantería Fecha de adquisición Fuente de adquisición Total de préstamos Signatura topográfica completa Código de barras Visto por última vez Precio de reemplazo Tipo de ítem Koha
        Biblioteca del Ateneo de Madrid Biblioteca del Ateneo de Madrid Depósito 2 25/11/2009     E-13241 1181903 23/02/2023 23/02/2023 Libro impreso